[Event "7th EuropCh Women"]
[Site "Kusadasi / Turkey"]
[Date "2006.04.07"]
[Round "4"]
[Board "1"]
[White "Shukurova, Meihriban"]
[Black "Sedina, Elena"]
[Result "0-1"]
[WhiteElo "2205"]
[BlackElo "2373"]
[PlyCount "98"]
[EventDate "2006.04.04"]
[EventRounds "11"]
[EventCountry "AUT"]

1.Nf3 Nf6 2.g3 d5 3.Bg2 c6 4.d3 Bg4 5.Nbd2 Nbd7 6.b3 e5 7.Bb2 Bd6 8.O-O O-O 9.h3
Bh5 10.e4 Re8 11.Qe1 Qc7 12.Kh1 Rad8 13.Nh4 a6 14.Nf5 Bf8 15.f4 dxe4 16.dxe4 Bg6
17.Nh4 exf4 18.gxf4 Nh5 19.Qe3 Bc5 20.Qf3 Ndf6 21.Bxf6 Rxd2 22.Qc3 Nxf6 23.Nxg6
Rxg2 24.Kxg2 Nxe4 25.Rae1 hxg6 26.Rxe4 Rxe4 27.Qxc5 Rxf4 28.Re1 Qd7 29.Re7 Qd2+
30.Kg3 Rf5 31.Qe3 Rg5+ 32.Kf4 Qd5 33.Qe4 Rf5+ 34.Ke3 Qxe4+ 35.Kxe4 Rf2 36.Rxb7
Rxc2 37.a4 Rh2 38.Rb6 Rxh3 39.Rxc6 Rxb3 40.Rxa6 Kh7 41.Ra7 f5+ 42.Kf4 Rb4+
43.Kg3 g5 44.a5 Rb3+ 45.Kg2 Ra3 46.a6 Kg6 47.Ra8 g4 48.a7 Kg5 49.Kf2 g3+

[Event "7th EuropCh Women"]
[Site "Kusadasi / Turkey"]
[Date "2006.04.07"]
[Round "4"]
[Board "1"]
[White "Kadimova, Ilaha"]
[Black "Van Weersel, Arlette"]
[Result "1-0"]
[WhiteElo "2310"]
[BlackElo "2148"]
[PlyCount "69"]
[EventDate "2006.04.04"]
[EventRounds "11"]
[EventCountry "AUT"]

1.d4 Nf6 2.Nf3 g6 3.Bg5 d5 4.Nbd2 Bg7 5.e3 O-O 6.c3 Nbd7 7.b4 b6 8.Be2 Bb7 9.O-O
Ne4 10.Nxe4 dxe4 11.Nd2 h6 12.Bh4 Qe8 13.Qb3 e5 14.Bg3 Kh8 15.Nc4 exd4 16.cxd4
Bd5 17.b5 Qe6 18.Rac1 c5 19.bxc6 Qxc6 20.Qa3 Qe6 21.Rc2 a6 22.Rfc1 b5 23.Na5 f5
24.Nc6 g5 25.Bd6 Rfc8 26.Ne7 Rxc2 27.Rxc2 Nb6 28.Nxd5 Qxd5 29.Qc5 Qxc5 30.dxc5
Nc8 31.Bg3 Ne7 32.c6 Rc8 33.c7 Kg8 34.a4 Nd5 35.axb5

[Event "7th EuropCh Women"]
[Site "Kusadasi / Turkey"]
[Date "2006.04.07"]
[Round "4"]
[Board "1"]
[White "Maksimovic, Suzana"]
[Black "Wilson, Alexandra"]
[Result "1-0"]
[WhiteElo "2295"]
[BlackElo "2099"]
[PlyCount "89"]
[EventDate "2006.04.04"]
[EventRounds "11"]
[EventCountry "AUT"]

1.d4 e6 2.c4 f5 3.Nc3 Nf6 4.e3 d5 5.Bd3 c6 6.Qc2 Bd6 7.Nge2 O-O 8.f3 a5 9.O-O
Qc7 10.h3 Na6 11.a3 Bd7 12.c5 Be7 13.Na4 Nh5 14.f4 Nf6 15.Bd2 Qd8 16.Nb6 Rb8
17.Bxa5 Qe8 18.Be1 Qh5 19.b4 Be8 20.a4 Ne4 21.Rb1 Rf6 22.Ng3 Qh6 23.Nxe4 fxe4
24.Be2 Bd8 25.b5 Nc7 26.bxc6 Bxc6 27.a5 Rg6 28.Kh2 Kh8 29.Qd1 Be7 30.g4 e5
31.dxe5 d4 32.exd4 Ne6 33.Bg3 Rd8 34.d5 Bxc5 35.Qc1 Bxb6 36.dxc6 Nd4 37.c7 Rc8
38.axb6 Nxe2 39.Qe3 Nxg3 40.Kxg3 Rc6 41.Rbd1 g5 42.Rd8+ Kg7 43.Rxc8 Qh4+ 44.Kg2
Rc2+ 45.Rf2

[Event "7th EuropCh Women"]
[Site "Kusadasi / Turkey"]
[Date "2006.04.07"]
[Round "4"]
[Board "1"]
[White "Makka, Ioulia"]
[Black "Benderac, Ana"]
[Result "1-0"]
[WhiteElo "2198"]
[BlackElo "2293"]
[PlyCount "79"]
[EventDate "2006.04.04"]
[EventRounds "11"]
[EventCountry "AUT"]

1.e4 e5 2.Nc3 Nf6 3.Nf3 d6 4.d4 exd4 5.Nxd4 Nc6 6.Nxc6 bxc6 7.Bd3 Be7 8.O-O O-O
9.Bf4 Nd7 10.Re1 Bf6 11.Qd2 Re8 12.Na4 g5 13.Bg3 Ne5 14.Be2 Kh8 15.Rad1 Be6
16.b3 Qe7 17.Qc1 c5 18.Nb2 Rg8 19.Nd3 Nxd3 20.Bxd3 Bc3 21.Re2 f6 22.Kh1 Be5
23.Rf1 Rg6 24.f4 gxf4 25.Bxf4 Rag8 26.Ref2 Qg7 27.g3 Bh3 28.Bc4 Re8 29.Rd1 Bd4
30.Be3 Be5 31.Bf4 h5 32.Qd2 h4 33.Rg1 Be6 34.Bxe5 fxe5 35.Bxe6 Rexe6 36.Rgf1
hxg3 37.Rf8+ Kh7 38.R1f7 Rh6 39.Qg5 g2+ 40.Kg1

[Event "7th EuropCh Women"]
[Site "Kusadasi / Turkey"]
[Date "2006.04.07"]
[Round "4"]
[Board "1"]
[White "Burtasova, Anna"]
[Black "Bensdorp, Laura"]
[Result "1/2-1/2"]
[WhiteElo "2293"]
[BlackElo "2098"]
[PlyCount "108"]
[EventDate "2006.04.04"]
[EventRounds "11"]
[EventCountry "AUT"]

1.e4 c5 2.c3 d5 3.exd5 Qxd5 4.d4 Nf6 5.Nf3 e6 6.Be3 cxd4 7.cxd4 Bb4+ 8.Nc3 Bd7
9.Bd3 Bb5 10.O-O Bxc3 11.Bxb5+ Qxb5 12.bxc3 O-O 13.Rb1 Qa6 14.Qb3 b6 15.Ne5 Nbd7
16.Nxd7 Nxd7 17.d5 exd5 18.Qxd5 Nf6 19.Qf3 Qxa2 20.Rb5 Qe6 21.Bd4 Rad8 22.Re5
Qd6 23.Ra1 Rd7 24.Rae1 Nd5 25.h4 f6 26.Re6 Qf4 27.Qh3 Qc7 28.Re8 Rd8 29.Rxf8+
Rxf8 30.h5 h6 31.Qe6+ Qf7 32.Qf5 Rd8 33.Re4 Ne7 34.Qb5 Nc8 35.Qe2 Kf8 36.Qf3 Qd5
37.Qg4 Nd6 38.Rf4 Re8 39.Qh3 Nc4 40.Rf5 Qd6 41.g4 Re1+ 42.Kg2 Qc6+ 43.Qf3 Qxf3+
44.Kxf3 Ke7 45.Rb5 Re6 46.Rb4 Rc6 47.Ke4 Ke6 48.f4 Rc7 49.Kd3 Nd6 50.c4 Nb7
51.Ra4 Na5 52.c5 bxc5 53.Rxa5 cxd4 54.Kxd4 Rd7+

[Event "7th EuropCh Women"]
[Site "Kusadasi / Turkey"]
[Date "2006.04.07"]
[Round "4"]
[Board "1"]
[White "Kubikova, Alena"]
[Black "Cherednichenko, Elena"]
[Result "1-0"]
[WhiteElo "2098"]
[BlackElo "1977"]
[PlyCount "115"]
[EventDate "2006.04.04"]
[EventRounds "11"]
[EventCountry "AUT"]

1.d4 Nf6 2.c4 g6 3.Nc3 Bg7 4.e4 d6 5.f3 O-O 6.Be3 e5 7.d5 a6 8.Bd3 Ne8 9.Qd2 Nd7
10.Nge2 h6 11.O-O Kh7 12.b4 Qe7 13.Qc2 Ndf6 14.Rac1 Nh5 15.c5 Kh8 16.Na4 Bd7
17.cxd6 cxd6 18.Nb6 Rb8 19.a4 f5 20.b5 axb5 21.Nxd7 Qxd7 22.Bxb5 Qf7 23.Qd2 f4
24.Bb6 Nhf6 25.Rc2 g5 26.Qa5 Ng8 27.Qa7 Nef6 28.Bc7 Rfc8 29.Rfc1 Ra8 30.Qxb7 Bf8
31.a5 Rab8 32.Qc6 Ne7 33.Qc4 Ne8 34.Qa4 Nxc7 35.Rxc7 Rxc7 36.Rxc7 Qg6 37.h3 Nxd5
38.exd5 Qb1+ 39.Rc1 Qxb5 40.Qxb5 Rxb5 41.a6 Ra5 42.Rc6 Kg8 43.Nc3 h5 44.Kf2 Kh8
45.Ke2 g4 46.hxg4 hxg4 47.fxg4 e4 48.Nxe4 Bg7 49.Nxd6 Bd4 50.Nf5 Bg1 51.d6 Kh7
52.d7 Ra2+ 53.Kf3 Rf2+ 54.Ke4 Rd2 55.Rd6 Re2+ 56.Kd3 f3 57.Rh6+ Kg8 58.d8=Q+

[Event "7th EuropCh Women"]
[Site "Kusadasi / Turkey"]
[Date "2006.04.07"]
[Round "4"]
[Board "1"]
[White "Coimbra, Margarida"]
[Black "Steil Antoni, Fiona"]
[Result "0-1"]
[WhiteElo "2070"]
[BlackElo "1968"]
[PlyCount "114"]
[EventDate "2006.04.04"]
[EventRounds "11"]
[EventCountry "AUT"]

1.e4 e5 2.Nf3 Nc6 3.Bc4 Bc5 4.d3 d6 5.Nc3 Nf6 6.Bg5 h6 7.Bxf6 Qxf6 8.Nd5 Qd8
9.c3 a6 10.b4 Ba7 11.a4 Bg4 12.O-O O-O 13.a5 Kh8 14.Ne3 Bh5 15.Nf5 Qf6 16.h3 Ne7
17.g4 Bg6 18.Nxe7 Qxe7 19.Kg2 Bh7 20.Nh2 g6 21.f4 f5 22.exf5 gxf5 23.fxe5 Qxe5
24.Qe1 Qg7 25.d4 Rae8 26.Qg3 d5 27.Bxd5 Re2+ 28.Kh1 c6 29.Bg2 Bb8 30.Qf3 Rfe8
31.gxf5 Bxf5 32.Rf2 Re1+ 33.Rxe1 Rxe1+ 34.Rf1 Be4 35.Rxe1 Bxf3 36.Nxf3 Bg3
37.Re8+ Kh7 38.Ne5 Qg5 39.Be4+ Kg7 40.Nf3 Qh5 41.Re7+ Kf6 42.Rxb7 Qxh3+ 43.Kg1
Qe6 44.Bxc6 Qa2 45.Rb6 Qf2+ 46.Kh1 Kf5 47.Bd7+ Ke4 48.Bc6+ Kd3 49.Rxa6 Kxc3
50.Ra8 Qf1+ 51.Ng1 Bf2 52.Rg8 Bxg1 53.Bg2 Qe1 54.b5 Bxd4+ 55.Kh2 Be5+ 56.Kh3
Qe3+ 57.Kh4 Qf4+

[Event "7th EuropCh Women"]
[Site "Kusadasi / Turkey"]
[Date "2006.04.08"]
[Round "5"]
[Board "1"]
[White "Bosboom Lanchava, Tea"]
[Black "Peptan, Corina"]
[Result "1/2-1/2"]
[WhiteElo "2380"]
[BlackElo "2408"]
[PlyCount "111"]
[EventDate "2006.04.04"]
[EventRounds "11"]
[EventCountry "AUT"]

1.d4 Nf6 2.Nf3 b6 3.c4 e6 4.e3 Bb7 5.Bd3 d5 6.O-O Nbd7 7.Qe2 Bd6 8.Nc3 O-O 9.Rd1
Ne4 10.Nb5 dxc4 11.Bxc4 Qf6 12.Bd3 a6 13.Nxd6 cxd6 14.Nd2 Nxd2 15.Bxd2 Rfc8
16.Bb4 e5 17.Qg4 Nf8 18.Bc3 Ng6 19.dxe5 dxe5 20.Bxg6 hxg6 21.f4 Qf5 22.Qxf5 gxf5
23.fxe5 b5 24.Rd7 Bc6 25.Rd6 Ra7 26.Bd4 Rac7 27.b4 Bb7 28.e6 fxe6 29.Rxe6 Rc1+
30.Rxc1 Rxc1+ 31.Kf2 Rc2+ 32.Kg3 Rxg2+ 33.Kf4 Rg4+ 34.Ke5 Kh7 35.Kxf5 Bc8
36.Kxg4 Bxe6+ 37.Kf4 Bxa2 38.Ke5 Kg8 39.Kd6 Kf7 40.Kc6 g6 41.Kb6 Ke6 42.Kxa6 Bc4
43.Kb6 Bd3 44.Kc5 Bc4 45.Bc3 Bf1 46.Kd4 Bg2 47.e4 Bf1 48.Ke3 Bc4 49.Kf4 Bd3
50.Bd4 Bc2 51.Ke3 Bb1 52.Bc3 Bc2 53.Bb2 Bb1 54.Kd4 Bc2 55.Kc5 Bd3 56.Kd4

[Event "7th EuropCh Women"]
[Site "Kusadasi / Turkey"]
[Date "2006.04.08"]
[Round "5"]
[Board "1"]
[White "Muzychuk, Mariya"]
[Black "Zawadzka, Jolanta"]
[Result "1-0"]
[WhiteElo "2172"]
[BlackElo "2389"]
[PlyCount "59"]
[EventDate "2006.04.04"]
[EventRounds "11"]
[EventCountry "AUT"]

1.e4 c5 2.c4 d6 3.Ne2 Nf6 4.Nbc3 g6 5.d4 cxd4 6.Nxd4 Bg7 7.Be2 O-O 8.O-O Nc6
9.Be3 Bd7 10.Nc2 Rc8 11.f4 a6 12.Rc1 Na5 13.Na3 Nc6 14.Kh1 Qa5 15.c5 Qc7 16.cxd6
exd6 17.Nc4 Ne8 18.Bb6 Qb8 19.e5 Be6 20.Nxd6 Nxd6 21.exd6 Rce8 22.Bf3 Bd7 23.Na4
Re6 24.Bc7 Qe8 25.Nc5 Re3 26.Qd2 Bf5 27.d7 Qe7 28.Bxc6 Re2 29.d8=Q Qxd8 30.Qxd8

[Event "7th EuropCh Women"]
[Site "Kusadasi / Turkey"]
[Date "2006.04.08"]
[Round "5"]
[Board "1"]
[White "Pogonina, Natalija"]
[Black "Dworakowska, Joanna"]
[Result "1/2-1/2"]
[WhiteElo "2440"]
[BlackElo "2364"]
[PlyCount "50"]
[EventDate "2006.04.04"]
[EventRounds "11"]
[EventCountry "AUT"]

1.e4 c5 2.Nf3 d6 3.d4 cxd4 4.Nxd4 Nf6 5.Nc3 a6 6.Be2 e5 7.Nb3 Be7 8.Be3 Be6
9.O-O O-O 10.Qd2 Nbd7 11.a4 Rc8 12.a5 Nc5 13.Nxc5 dxc5 14.Qxd8 Rfxd8 15.f3 c4
16.Na4 Nd7 17.Rfd1 Rc6 18.c3 Kf8 19.Kf1 Rdc8 20.Nb6 Nxb6 21.Bxb6 Bc5 22.Bxc5+
Rxc5 23.Rd6 Ke7 24.Rb6 R8c7 25.Ra4 Kd8

[Event "7th EuropCh Women"]
[Site "Kusadasi / Turkey"]
[Date "2006.04.08"]
[Round "5"]
[Board "1"]
[White "Zielinska, Marta"]
[Black "Zhukova, Natalia"]
[Result "1/2-1/2"]
[WhiteElo "2366"]
[BlackElo "2425"]
[PlyCount "70"]
[EventDate "2006.04.04"]
[EventRounds "11"]
[EventCountry "AUT"]

1.d4 d5 2.c4 c6 3.cxd5 cxd5 4.Nc3 Nf6 5.Bf4 Nc6 6.e3 Ne4 7.Bb5 Nxc3 8.bxc3 a6
9.Bd3 g6 10.Nf3 Bg7 11.O-O O-O 12.Rc1 Bf5 13.Bxf5 gxf5 14.c4 dxc4 15.Rxc4 e6
16.Qb1 Re8 17.Rfc1 Re7 18.h3 Rd7 19.g4 fxg4 20.hxg4 Qf6 21.Ne5 Nxe5 22.Rc8+ Rd8
23.dxe5 Qh4 24.Qxb7 Qxg4+ 25.Bg3 Raxc8 26.Rxc8 Rxc8 27.Qxc8+ Bf8 28.Qxa6 h5
29.Kh2 Bh6 30.Qa8+ Kh7 31.Qa7 Kg6 32.Qb8 h4 33.Qg8+ Bg7 34.Bf4 Qf3 35.Qd8 Qxf2+

[Event "7th EuropCh Women"]
[Site "Kusadasi / Turkey"]
[Date "2006.04.08"]
[Round "5"]
[Board "1"]
[White "Atalik, Ekaterina"]
[Black "Majdan, Joanna"]
[Result "1-0"]
[WhiteElo "2379"]
[BlackElo "2297"]
[PlyCount "65"]
[EventDate "2006.04.04"]
[EventRounds "11"]
[EventCountry "AUT"]

1.d4 Nf6 2.c4 c5 3.d5 d6 4.Nc3 g6 5.Nf3 Bg7 6.h3 O-O 7.e4 e6 8.Bd3 Na6 9.O-O e5
10.a3 h6 11.Ne2 Nh5 12.g4 Nf4 13.Nxf4 exf4 14.Bxf4 h5 15.gxh5 Bxh3 16.Ng5 Bxf1
17.Bxf1 Be5 18.Be3 Qf6 19.Qg4 Nc7 20.Bh3 Rae8 21.Kh1 Kg7 22.Rg1 Rh8 23.Nf3 Bxb2
24.Bg5 Qc3 25.hxg6 fxg6 26.e5 Ref8 27.Be3 Qd3 28.Nh4 Bxe5 29.Nxg6 Rxh3+ 30.Qxh3
Qe4+ 31.f3 Qxe3 32.Nxe5+ Kf6 33.Ng4+

[Event "7th EuropCh Women"]
[Site "Kusadasi / Turkey"]
[Date "2006.04.08"]
[Round "5"]
[Board "1"]
[White "Houska, Jovanka"]
[Black "Chelushkina, Irina"]
[Result "1/2-1/2"]
[WhiteElo "2378"]
[BlackElo "2320"]
[PlyCount "64"]
[EventDate "2006.04.04"]
[EventRounds "11"]
[EventCountry "AUT"]

1.e4 c5 2.Nf3 Nc6 3.Bb5 g6 4.O-O Bg7 5.c3 Nf6 6.e5 Nd5 7.d4 cxd4 8.cxd4 O-O
9.Nc3 Nc7 10.Bf4 Nxb5 11.Nxb5 a6 12.Nc3 d6 13.exd6 Bg4 14.d5 Nd4 15.Qe1 Nxf3+
16.gxf3 e5 17.fxg4 exf4 18.Qe7 Re8 19.Qxd8 Raxd8 20.Rfe1 Be5 21.Ne4 Kg7 22.g5
Bxd6 23.Nxd6 Rxe1+ 24.Rxe1 Rxd6 25.Re5 h6 26.h4 hxg5 27.hxg5 Rd7 28.Kg2 f6
29.gxf6+ Kxf6 30.Re6+ Kf5 31.Rb6 Rxd5 32.Rxb7 Ke5

[Event "7th EuropCh Women"]
[Site "Kusadasi / Turkey"]
[Date "2006.04.08"]
[Round "5"]
[Board "1"]
[White "Javakhishvili, Lela"]
[Black "Topel, Zehra"]
[Result "1-0"]
[WhiteElo "2410"]
[BlackElo "2139"]
[PlyCount "67"]
[EventDate "2006.04.04"]
[EventRounds "11"]
[EventCountry "AUT"]

1.d4 Nf6 2.c4 g6 3.Nc3 Bg7 4.e4 d6 5.Bd3 O-O 6.Nge2 e5 7.d5 Nbd7 8.Bc2 Ne8 9.O-O
f5 10.exf5 gxf5 11.f4 Nc5 12.fxe5 dxe5 13.b4 Na6 14.a3 c5 15.bxc5 Nxc5 16.Be3 b6
17.Na4 Qc7 18.Nxc5 bxc5 19.Ba4 Rb8 20.Bc6 Qe7 21.d6 Qxd6 22.Qxd6 Nxd6 23.Bxc5
Rf6 24.Bd5+ Nf7 25.Rab1 Rbb6 26.Bxb6 axb6 27.c5 Bf8 28.cxb6 Bc5+ 29.Kh1 Bxb6
30.Ng3 Ba7 31.Rbc1 Be6 32.Bxe6 Rxe6 33.Rc8+ Kg7 34.Nxf5+

[Event "7th EuropCh Women"]
[Site "Kusadasi / Turkey"]
[Date "2006.04.08"]
[Round "5"]
[Board "1"]
[White "Zozulia, Anna"]
[Black "Dembo, Yelena"]
[Result "0-1"]
[WhiteElo "2355"]
[BlackElo "2464"]
[PlyCount "128"]
[EventDate "2006.04.04"]
[EventRounds "11"]
[EventCountry "AUT"]

1.e4 c5 2.Nf3 Nc6 3.d4 cxd4 4.Nxd4 Nf6 5.Nc3 d6 6.Be2 g6 7.O-O Bg7 8.Nb3 O-O
9.Bg5 a6 10.a4 b6 11.Qd2 Re8 12.Rad1 Bb7 13.f4 b5 14.axb5 axb5 15.Qe3 b4 16.Nd5
Na5 17.Bxf6 exf6 18.Bb5 Re6 19.f5 Re5 20.Nc1 Bxd5 21.Rxd5 Qe7 22.Qd3 Rxe4
23.Rxd6 Rb8 24.Rd5 Re5 25.Kh1 Qb7 26.Rd8+ Bf8 27.Rxb8 Qxb8 28.Ba4 Qb6 29.Nb3 Nb7
30.h3 Kg7 31.Qd7 Nd6 32.fxg6 hxg6 33.Qc6 Qa7 34.Qd7 Qe3 35.Rf3 Qe1+ 36.Kh2 Nf5
37.Nd4 Nxd4 38.Qxd4 Re6 39.Bb5 Bd6+ 40.g3 Be5 41.Qf2 Qa1 42.Bc4 Rd6 43.Rd3 Rxd3
44.Bxd3 Qxb2 45.Bc4 Qc3 46.Bb3 Bd4 47.Qe2 Qa1 48.Qg2 Qc3 49.Qe2 f5 50.Kg2 Bc5
51.h4 Qa1 52.Qf1 Qd4 53.Qe1 f4 54.gxf4 Qxf4 55.Qg3 Qd2+ 56.Kf1 Qd1+ 57.Kg2 Qe2+
58.Kh3 Bf2 59.Qg4 Qe3+ 60.Kg2 Qd2 61.h5 Bc5+ 62.Kh3 Bd6 63.Qg1 Qf4 64.Qg4 Qh2#

[Event "7th EuropCh Women"]
[Site "Kusadasi / Turkey"]
[Date "2006.04.08"]
[Round "5"]
[Board "1"]
[White "Nill, Jessica"]
[Black "Paehtz, Elisabeth"]
[Result "1/2-1/2"]
[WhiteElo "2339"]
[BlackElo "2438"]
[PlyCount "104"]
[EventDate "2006.04.04"]
[EventRounds "11"]
[EventCountry "AUT"]

1.d4 e6 2.c4 b6 3.Nc3 Bb7 4.Nf3 f5 5.Bf4 Nf6 6.e3 Bb4 7.Bd3 O-O 8.Qb3 Bxc3+
9.Qxc3 d6 10.h3 Nbd7 11.Bh2 Qe7 12.O-O-O Ne4 13.Qc2 a6 14.Ne1 b5 15.f3 Nef6
16.Kb1 c5 17.cxb5 Nd5 18.Qd2 cxd4 19.Nc2 dxe3 20.Nxe3 N7b6 21.bxa6 Bxa6 22.Bxa6
Rxa6 23.Nxd5 Nxd5 24.Rhe1 Re8 25.a3 Kf7 26.Qe2 Ra5 27.Rd3 Rb8 28.Red1 Rab5
29.R1d2 Qc7 30.Rc2 Qb6 31.Qd2 Rb7 32.g4 g6 33.gxf5 gxf5 34.Ka1 Rc5 35.Rxc5 Qxc5
36.Qh6 Qb5 37.Qxh7+ Ke8 38.Qh8+ Kd7 39.Qd4 Rc7 40.Rd2 Qb3 41.Qg1 Qxf3 42.Qg7+
Kc8 43.Qh8+ Kb7 44.Ka2 Qf1 45.Qd4 f4 46.Rd3 Rc1 47.Rb3+ Kc6 48.Qa4+ Kc5 49.Qa7+
Kc4 50.Qa4+ Kc5 51.Qa7+ Kc4 52.Qa4+ Kc5

[Event "7th EuropCh Women"]
[Site "Kusadasi / Turkey"]
[Date "2006.04.08"]
[Round "5"]
[Board "1"]
[White "Petrenko, Svetlana"]
[Black "Gaponenko, Inna"]
[Result "0-1"]
[WhiteElo "2334"]
[BlackElo "2430"]
[PlyCount "118"]
[EventDate "2006.04.04"]
[EventRounds "11"]
[EventCountry "AUT"]

1.e4 c5 2.Nf3 g6 3.d4 Bg7 4.dxc5 Qa5+ 5.c3 Qxc5 6.Be3 Qa5 7.Bd4 Bxd4 8.Qxd4 Nf6
9.b4 Qc7 10.Nbd2 d6 11.b5 Nbd7 12.Bc4 Nc5 13.O-O O-O 14.h3 Be6 15.Rfe1 Bxc4
16.Qxc4 Nfd7 17.a4 Nb6 18.Qd4 e5 19.Qe3 Ncxa4 20.Qh6 f6 21.c4 Nc5 22.Qe3 Qf7
23.Rec1 Rfc8 24.Nh2 Nbd7 25.Ng4 Kf8 26.Qf3 Ne6 27.Ne3 Nb6 28.Nd5 Nxd5 29.exd5
Nd4 30.Qe3 a6 31.bxa6 Rxa6 32.Rxa6 bxa6 33.Nf3 Nxf3+ 34.Qxf3 Qc7 35.Ra1 a5
36.Ra4 Rb8 37.Qa3 Ra8 38.Qb3 Qc5 39.Qb7 Ra7 40.Qb8+ Kg7 41.g3 e4 42.Qb3 Re7
43.Ra3 Rc7 44.Ra4 Re7 45.Ra3 Re5 46.Kg2 Re7 47.Kg1 Qb4 48.Qxb4 axb4 49.Rb3 Rb7
50.f4 exf3 51.Kf2 f5 52.Kxf3 Kf6 53.h4 Ke5 54.Ke3 h6 55.Kd3 g5 56.hxg5 hxg5
57.Rb2 f4 58.g4 f3 59.Ke3 b3

[Event "7th EuropCh Women"]
[Site "Kusadasi / Turkey"]
[Date "2006.04.08"]
[Round "5"]
[Board "1"]
[White "Lomineishvili, Maia"]
[Black "Khotenashvili, Bela"]
[Result "1/2-1/2"]
[WhiteElo "2399"]
[BlackElo "2291"]
[PlyCount "204"]
[EventDate "2006.04.04"]
[EventRounds "11"]
[EventCountry "AUT"]

1.d4 Nf6 2.c4 g6 3.Nc3 d5 4.Bg5 Ne4 5.Bh4 Nxc3 6.bxc3 dxc4 7.e3 Be6 8.Qb1 Qd5
9.Nf3 Bf5 10.Qb2 Nd7 11.Nd2 Nb6 12.a4 a5 13.f3 Bd3 14.Bxd3 cxd3 15.O-O Bh6 16.f4
Qd7 17.c4 O-O 18.Qa3 Bg7 19.Ra2 Rfe8 20.Qxd3 Nxa4 21.f5 Nb6 22.Ne4 Qc6 23.Rc2
Nd7 24.Rcf2 Rad8 25.Qc2 Bh6 26.fxg6 fxg6 27.Rf3 Bg7 28.Rf7 Qe6 29.Ng5 Qxe3+
30.Kh1 Nf6 31.Re1 Qa3 32.c5 Rd5 33.Qe2 e5 34.Rxc7 Rxd4 35.Bf2 Rb4 36.c6 bxc6
37.Bc5 Qc3 38.Bxb4 axb4 39.Rb1 e4 40.Qa2+ Nd5 41.Rd7 Qd3 42.Re1 e3 43.Qa7 Qc3
44.Rg1 Qd4 45.Qb7 e2 46.Nf3 Qc3 47.h3 Nf4 48.Re7 Rf8 49.Ng5 Qf6 50.Re1 Nh5
51.Nf3 Qd6 52.Rd7 Qe6 53.Re7 Qd6 54.Rd7 Qf6 55.Qxb4 Qc3 56.Qh4 Qc2 57.Qe7 Qc4
58.Rd8 h6 59.Rxf8+ Bxf8 60.Qe8 Nf4 61.Qe3 Bg7 62.g3 Nxh3 63.Rxe2 Kh7 64.Kg2 Ng5
65.Nxg5+ hxg5 66.Re1 Qd5+ 67.Qe4 Qd2+ 68.Re2 Qd6 69.Kf3 Qa3+ 70.Kg4 Qd6 71.Rh2+
Bh6 72.Re2 Qd7+ 73.Kf3 Qc8 74.Qe7+ Bg7 75.Qxg5 Qf8+ 76.Kg2 c5 77.Qh4+ Kg8
78.Qc4+ Kh7 79.Qh4+ Kg8 80.Qe4 Kh7 81.Re1 Qf7 82.Qh4+ Kg8 83.Qd8+ Kh7 84.Qh4+
Kg8 85.Qe4 Kh7 86.g4 Qa2+ 87.Re2 Qa1 88.g5 Qc1 89.Qh4+ Kg8 90.Re8+ Kf7 91.Re1
Qd2+ 92.Qf2+ Qxf2+ 93.Kxf2 c4 94.Kf3 Bb2 95.Ke4 Ke6 96.Rf1 Kd6 97.Rb1 c3 98.Kd3
Ke5 99.Rf1 Ba3 100.Kxc3 Be7 101.Re1+ Kd6 102.Kc4 Bxg5

[Event "7th EuropCh Women"]
[Site "Kusadasi / Turkey"]
[Date "2006.04.08"]
[Round "5"]
[Board "1"]
[White "Gvetadze, Sopio"]
[Black "Vasilevich, Tatjana"]
[Result "1/2-1/2"]
[WhiteElo "2282"]
[BlackElo "2395"]
[PlyCount "72"]
[EventDate "2006.04.04"]
[EventRounds "11"]
[EventCountry "AUT"]

1.e4 c5 2.Nc3 e6 3.f4 d5 4.Nf3 dxe4 5.Nxe4 Be7 6.Bb5+ Bd7 7.Bxd7+ Nxd7 8.O-O Nh6
9.b3 Nf5 10.Bb2 Nf6 11.Qe2 O-O 12.d3 Rc8 13.a3 Qc7 14.Ne5 Nd7 15.Ng4 Rfd8
16.Rae1 b5 17.Ng5 Nf8 18.Ne3 Nxe3 19.Qxe3 Rd7 20.Nf3 Ng6 21.Ne5 Nxe5 22.fxe5 Qa5
23.Ra1 Qd8 24.Rad1 Bf8 25.Kh1 g6 26.Qf3 Bg7 27.c4 a6 28.Bc3 Qc7 29.Qe4 Rcd8
30.Rf3 bxc4 31.bxc4 Rb8 32.Rdf1 Rbd8 33.h3 Re7 34.Qh4 Red7 35.Qe4 Re7 36.Qh4
Red7

[Event "7th EuropCh Women"]
[Site "Kusadasi / Turkey"]
[Date "2006.04.08"]
[Round "5"]
[Board "1"]
[White "Klinova, Masha"]
[Black "Mamedjarova, Turkan"]
[Result "0-1"]
[WhiteElo "2357"]
[BlackElo "2280"]
[PlyCount "68"]
[EventDate "2006.04.04"]
[EventRounds "11"]
[EventCountry "AUT"]

1.e4 e5 2.Nf3 Nc6 3.Bc4 Bc5 4.d3 Nf6 5.O-O d6 6.c3 a6 7.Bb3 Ba7 8.Nbd2 O-O 9.h3
Nh5 10.Nc4 Qf6 11.Ne3 Bxe3 12.Bxe3 Nf4 13.d4 Qg6 14.Bxf4 exf4 15.Qd3 Bd7 16.Rfe1
Rae8 17.Kh2 Ne7 18.Bc2 Qh6 19.e5 d5 20.Kg1 Ng6 21.b3 Kh8 22.c4 c6 23.a4 Be6
24.c5 f6 25.exf6 Rxf6 26.Re2 Ref8 27.Rae1 Bd7 28.Qd1 Nh4 29.Nxh4 Qxh4 30.f3 Qg3
31.Kf1 Rh6 32.Re5 Bxh3 33.gxh3 Rxh3 34.Ke2 Qg2+

[Event "7th EuropCh Women"]
[Site "Kusadasi / Turkey"]
[Date "2006.04.08"]
[Round "5"]
[Board "1"]
[White "Khurtsidze, Nino"]
[Black "Maksimovic, Suzana"]
[Result "1-0"]
[WhiteElo "2426"]
[BlackElo "2295"]
[PlyCount "87"]
[EventDate "2006.04.04"]
[EventRounds "11"]
[EventCountry "AUT"]

1.Nf3 Nf6 2.c4 Nc6 3.d4 e6 4.Nc3 Bb4 5.Qc2 O-O 6.a3 Bxc3+ 7.Qxc3 d6 8.b4 Ne4
9.Qd3 f5 10.g3 a5 11.b5 Nb8 12.Bg2 Nd7 13.O-O Qe7 14.Bb2 c5 15.d5 Nb6 16.Rac1
exd5 17.cxd5 Bd7 18.Ba1 a4 19.Nh4 Rae8 20.Rfe1 Rf7 21.Bf3 Qg5 22.Ng2 Nd2 23.Nf4
Nb3 24.Rb1 Re4 25.Bxe4 fxe4 26.Qxe4 Nd2 27.Qg2 Nxb1 28.Rxb1 Nc4 29.h4 Qe7 30.Rc1
Bxb5 31.Ne6 Ba6 32.Qe4 b5 33.Qd3 h6 34.f4 Bc8 35.f5 Bd7 36.Rf1 Bxe6 37.dxe6 Rf8
38.Rf3 Qe8 39.Rf4 Qc6 40.e7 Rf7 41.f6 d5 42.fxg7 Rxf4 43.gxf4 Qe6 44.Qxd5

[Event "7th EuropCh Women"]
[Site "Kusadasi / Turkey"]
[Date "2006.04.08"]
[Round "5"]
[Board "1"]
[White "Kachiani Gersinska,  Ketino"]
[Black "Fakhiridou, Ekaterini"]
[Result "1/2-1/2"]
[WhiteElo "2421"]
[BlackElo "2292"]
[PlyCount "96"]
[EventDate "2006.04.04"]
[EventRounds "11"]
[EventCountry "AUT"]

1.d4 d5 2.c4 dxc4 3.Nf3 Nf6 4.e3 e6 5.Bxc4 c5 6.Qe2 a6 7.dxc5 Bxc5 8.O-O b5
9.Bd3 Nbd7 10.Nbd2 O-O 11.a4 bxa4 12.Rxa4 Be7 13.Rd4 Bb7 14.Ne5 Qc7 15.Nxd7 Nxd7
16.b4 Ne5 17.Bb1 Bf6 18.Ne4 Bxe4 19.Rxe4 Ng6 20.Rc4 Qb6 21.Bd2 Rfd8 22.Be4 Rab8
23.Bxg6 hxg6 24.Rfc1 Qb5 25.Be1 Rbc8 26.Kf1 Rxc4 27.Qxc4 Qa4 28.Qc2 Qb5+ 29.Qe2
Qb7 30.h3 Be7 31.Qc4 Rb8 32.Qf4 g5 33.Qg4 Rc8 34.Rxc8+ Qxc8 35.Qe4 f5 36.Qd3 Qc6
37.f3 Kf7 38.Ke2 Bf6 39.g4 g6 40.Bd2 Ke7 41.e4 f4 42.e5 Bxe5 43.Qxg6 Qb5+ 44.Qd3
Bd6 45.Qxb5 axb5 46.Kd3 e5 47.Ke4 Ke6 48.Bc3 Bc7

[Event "7th EuropCh Women"]
[Site "Kusadasi / Turkey"]
[Date "2006.04.08"]
[Round "5"]
[Board "1"]
[White "Peng, Zhaoqin"]
[Black "Dragomirescu, Angela"]
[Result "1-0"]
[WhiteElo "2395"]
[BlackElo "2261"]
[PlyCount "125"]
[EventDate "2006.04.04"]
[EventRounds "11"]
[EventCountry "AUT"]

1.d4 d5 2.c4 c6 3.Nf3 Nf6 4.e3 a6 5.Nbd2 Bg4 6.h3 Bxf3 7.Nxf3 e6 8.Qb3 Qc7 9.Bd3
Nbd7 10.O-O Be7 11.Bd2 O-O 12.Rac1 Rac8 13.Rfd1 Qb8 14.Bf1 Rfe8 15.Be1 Bf8 16.a4
Ne4 17.a5 Nd6 18.Nd2 Nxc4 19.Nxc4 dxc4 20.Bxc4 Nf6 21.Rc2 Rcd8 22.Re2 Rd7 23.e4
Red8 24.Bc3 Bc5 25.Ree1 Bxd4 26.Bxd4 Rxd4 27.Rxd4 Rxd4 28.Bxa6 Qc7 29.Qxb7 Qxa5
30.Rb1 Nxe4 31.b4 Qf5 32.Qxc6 g6 33.Qc2 Qd5 34.Be2 Rd2 35.Qc4 Qxc4 36.Bxc4 Rd4
37.Ba6 Nc3 38.Rb3 Nd5 39.b5 Nb6 40.Kf1 Kf8 41.Ke2 Ke7 42.Bb7 Kd6 43.Bc6 Nc4
44.g4 f5 45.g5 Rd2+ 46.Ke1 Rd4 47.Ke2 Rd2+ 48.Kf1 e5 49.Rb4 Nb6 50.Rh4 e4
51.Rxh7 Nc4 52.Rd7+ Kc5 53.Rxd2 Nxd2+ 54.Kg2 Nf3 55.Be8 f4 56.Bc6 Nxg5 57.h4 Nf3
58.Bxe4 Nxh4+ 59.Kh3 Nf5 60.Bxf5 gxf5 61.Kg2 Kxb5 62.Kf3 Kc5 63.Kxf4

[Event "7th EuropCh Women"]
[Site "Kusadasi / Turkey"]
[Date "2006.04.08"]
[Round "5"]
[Board "1"]
[White "Melia, Salome"]
[Black "Schuurman, Petra"]
[Result "0-1"]
[WhiteElo "2393"]
[BlackElo "2258"]
[PlyCount "94"]
[EventDate "2006.04.04"]
[EventRounds "11"]
[EventCountry "AUT"]

1.e4 c6 2.d4 d5 3.Nc3 dxe4 4.Nxe4 Bf5 5.Ng3 Bg6 6.h4 h6 7.Nf3 Nd7 8.h5 Bh7 9.Bd3
Bxd3 10.Qxd3 e6 11.Bf4 Ngf6 12.O-O-O Nd5 13.Bd2 Nb4 14.Bxb4 Bxb4 15.c4 O-O
16.Ne4 Nf6 17.Ne5 Nxe4 18.Qxe4 Bd6 19.Nd3 Qa5 20.Kb1 Rad8 21.g4 Rfe8 22.f4 f5
23.Qe3 fxg4 24.c5 Bb8 25.Rhg1 Kh8 26.Nf2 Qc7 27.Rxg4 Qf7 28.Rdg1 Qf5+ 29.Ka1 Re7
30.Rh1 Rf7 31.Rg2 Bxf4 32.Qc3 Qd5 33.Rgg1 Qxd4 34.Rd1 Bd2 35.Qxd4 Rxd4 36.Ne4
Rxe4 37.Rxd2 Re5 38.b4 a5 39.a3 axb4 40.axb4 Rf4 41.Rb1 Rd5 42.Rh2 Rdd4 43.b5
Ra4+ 44.Ra2 Rxa2+ 45.Kxa2 Ra4+ 46.Kb3 cxb5 47.Re1 Rc4